| 000 | 00493nam a2200157 i 4500 | ||
|---|---|---|---|
| 001 | 22531 | ||
| 003 | ES-MaACL | ||
| 005 | 20230906152719.0 | ||
| 007 | t| | ||
| 008 | 021203s1979 sp ||||1| spa d | ||
| 100 | 1 |
_aAlvarez López, José. _920859 |
|
| 245 | 1 | 0 |
_aSupuestos y soluciones de contabilidad analítica de explotación / _cpor José Alvarez López. |
| 260 |
_aSan Sebastián : _bEditorial Donostiarra, _c[1979] |
||
| 300 |
_a237 p. ; _c26 cm. |
||
| 852 |
_aES-MaACL _jL-2555 _bR.103170 |
||
| 999 |
_c22531 _d22531 |
||